000 00853 a2200241 4500
999 _c1529
_d1529
020 _a9781412946612 (hb)
020 _a9781412946629 (pb)
050 0 0 _aHM511 GIL 2008
245 0 0 _aResearching social life /
_cedited by Nigel Gilbert.
250 _aThird edition.
264 _aLos Angeles :
_bSage Publications,
_c2008
300 _axxii, 549 pages :
_bill. ;
500 _aIncludes bibliographical references (p. 516-538) and index.
504 _aIncludes bibliographical references (p. 516-538) and index.
650 0 _aSociology
_xMethodology.
650 0 _aResearch
650 0 _aResearch
_xSocial sciences
650 0 _aSociology
_xResearch.
700 1 _aGilbert, G. Nigel.
_eeditor
942 _2lcc
_cBK
_e3rd edition
_h511
_iGIL
_kHM